日本地理ドボンクイズ - Statistics

General Stats
  • This quiz has been taken 4,262 times
    4,244 since last reset
  • The average score is 3 of 10
Answers on the Grid
Answers color-coded by a green-red scale on the quiz's grid according to % correct below.
琵琶湖の面積は滋賀県の面積の2割以上を占める
岩手県には3つの世界遺産がある
四国の中で最も面積が大きいのは愛媛県である
東京都には47都道府県の中で最も多くの国宝がある
秋田県の八郎潟は、かつて日本で2番目に大きな湖だった
神奈川県には「神奈川駅」がある
長崎県は都道府県の中で唯一内陸市町村が無い
沖縄県で雪を観測したことがある
かつて日本には「横浜県」が存在した
大阪府には自然島が一つしか存在しない
さいたま市役所はさいたま市中央区にある
平成の大合併で長野県の形が変化した
北方領土や富士山の山頂にも本籍を置くことができる
三重県は隣接する府県とすべて鉄道でつながっている
最も人口が少ない内陸県は山梨県である
日本一短い県境は栃木県と埼玉県の間にある
最も島の数が多い市町村は小笠原村である
最も温泉の源泉が多い都道府県は北海道である
海津市の最高地点は500mを超える
島根県には複数の空港が存在する
 
Answer Stats
Answer % Correct
神奈川県には「神奈川駅」がある
38%
沖縄県で雪を観測したことがある
37%
島根県には複数の空港が存在する
34%
秋田県の八郎潟は、かつて日本で2番目に大きな湖だった
34%
平成の大合併で長野県の形が変化した
32%
最も人口が少ない内陸県は山梨県である
30%
三重県は隣接する府県とすべて鉄道でつながっている
23%
東京都には47都道府県の中で最も多くの国宝がある
15%
岩手県には3つの世界遺産がある
13%
海津市の最高地点は500mを超える
8%
No matching quizzes found
Score Distribution
Percent of People with Each Score
Percentile by Number Answered
Your Score History
You have not taken this quiz since the last reset